Lanfeust de troy - Statistiques

Statistiques générales
  • Ce quiz a été pris 36 fois
  • Le résultat moyen est 5 sur 7
Statistiques - réponses
Par images Réponse % Correct
lanfeust
100%
cixi
94%
hébus
79%
C'ian
71%
Le chevalier Or-Azur
71%
thanos
68%
Nicolède
56%
Aucun quiz correspondant
Distribution des résultats
% des personnes avec chaque résultat
Percentile par nombre de réponses
Votre historique - résultats
Vous n’avez pas pris ce quiz